ბათუმის შოთა რუსთაველის სახელმწიფო უნივერსიტეტის ბიბლიოთეკა

The race for Mukalla / (ბიბ.ჩანაწერი № 62206)

000 -LEADER
fixed length control field 00664nam a22001937a 4500
005 - DATE AND TIME OF LATEST TRANSACTION
control field 20240801155842.0
008 - FIXED-LENGTH DATA ELEMENTS--GENERAL INFORMATION
fixed length control field 240801s2024 en ||||| |||| 00| 0 eng d
020 ## - INTERNATIONAL STANDARD BOOK NUMBER
International Standard Book Number 9781805221517 X
041 ## - LANGUAGE CODE
Language code of text/sound track or separate title eng
080 ## - UNIVERSAL DECIMAL CLASSIFICATION NUMBER
Universal Decimal Classification number 94(533) K-61
100 ## - MAIN ENTRY--PERSONAL NAME
Personal name Knights, Michael
Dates associated with a name (Author)
9 (RLIN) 23041
245 ## - TITLE STATEMENT
Title The race for Mukalla /
Statement of responsibility, etc. Michael Knights
264 ## - PRODUCTION, PUBLICATION, DISTRIBUTION, MANUFACTURE, AND COPYRIGHT NOTICE
Place of production, publication, distribution, manufacture London:
Name of producer, publisher, distributor, manufacturer Profile Editions,
Date of production, publication, distribution, manufacture, or copyright notice 2024.
300 ## - PHYSICAL DESCRIPTION
Extent xviii, 299 pages,
Other physical details illustrations (some colour),
Dimensions 25 cm.
653 ## - INDEX TERM--UNCONTROLLED
keyword The race for Mukalla
653 ## - INDEX TERM--UNCONTROLLED
keyword Mukalla (Yemen) Yemen (Republic) History Civil War, 2015- Yémen Histoire 2015- (Guerre civile)
653 ## - INDEX TERM--UNCONTROLLED
keyword ისტორია
942 ## - ADDED ENTRY ELEMENTS (KOHA)
Source of classification or shelving scheme
Koha item type წიგნი
ეგზემპლარები
Withdrawn status Lost status Source of classification or shelving scheme Damaged status Not for loan Permanent Location Current Location Shelving location Date acquired Cost, normal purchase price Full call number Barcode Date last seen Copy number Price effective from Koha item type Public note
          ბათუმის შოთა რუსთაველის სახელმწიფო უნივერსიტეტის მთავარი ბიბლიოთეკა ბათუმის შოთა რუსთაველის სახელმწიფო უნივერსიტეტის მთავარი ბიბლიოთეკა წიგნსაცავი 2024-08-01 10.00 94(533) K-61 66096 2024-08-01 66096 2024-08-01 წიგნი 10.00